000 00644nam a2200229Ia 4500
003 OSt
005 20220928104348.0
006 a|||||r|||| 00| 0
007 ta
008 220927b |||||||| |||| 00| 0 eng d
024 _a10686
037 _cTextual
040 _aSDCL
_cSDCL
_beng
041 _2eng
_aeng
082 _aO152vM, P7
100 _aShingh Vaibhav Au.
_9410111
245 0 _aItihas aur rashravaad
_bsandarbh;19vi sadi ka hindi navjagran.
260 _aPanchachukla
_bAadar Prakashan
_c2007
300 _a279p
_ccm.
942 _hO152vM, P7
_cTEXL
_2CC
999 _c725690
_d725690